[Event "ISR-chT 2018"]
[Site "Israel"]
[Date "2018.03.02"]
[Round "11"]
[White "Rozentalis, Eduardas"]
[Black "Bar, Roman"]
[Result "1-0"]
[WhiteElo "2520"]
[BlackElo "2493"]
[Annotator "TA"]
[PlyCount "117"]
[EventDate "2018.??.??"]
[EventType "team-tourn"]
[EventCountry "ISR"]
[SourceTitle "playchess.com"]
[Source "ChessBase"]
[SourceQuality "1"]

{[%evp 31,117,5,12,0,8,0,0,0,10,-11,0,0,0,0,25,25,25,23,14,0,16,0,16,16,16,16,16,16,16,16,16,16,16,0,16,16,16,0,0,0,137,137,137,137,158,167,167,137,197,185,137,133,133,127,127,127,350,430,412,332,431,412,400,362,439,328,413,437,412,412,706,656,658,654,625,619,852,866,820,831,837,822,771,763,583,567,1194,1142]} 1. e4 c5 2. Nf3 Nc6 3. Bb5 g6 4. O-O Bg7 5. Re1 Nf6 {[%cal Bg8f6,Bf6d5,Bd5c7,Bc7e6][%mdl 32]} 6. e5 Nd5 7. Nc3 Nc7 8. Bxc6 dxc6 9. Ne4 Ne6 10. d3 O-O 11. Be3 b6 12. Qd2 Nd4 13. Nxd4 cxd4 14. Bh6 c5 15. h4 {B31: Sicilian: 2...Nc6 3 Bb5 g6} Qd5 16. Bxg7 Kxg7 {LiveBook: 4 Games} 17. Qg5 {The position is equal.} (17. Ng3 Bb7 18. f3 Qe6 19. b3 {½-½ (19) Bacrot,E (2714)-Moiseenko,A (2699) Tromsoe 2013}) 17... Qe6 18. f3 h6 19. Qg3 Qd5 20. Qf4 Be6 $146 ({Predecessor:} 20... a5 21. a3 a4 22. Nf2 b5 23. Ng4 Bxg4 24. fxg4 Ra6 25. g5 hxg5 26. hxg5 Re6 27. Qh2 Rh8 28. Qf4 Rf8 29. Qh2 Rh8 30. Qf4 {½-½ (28) Dudas,E (2269)-Dory,J (2288) Hungary 2014}) 21. b3 Rad8 22. Re2 a5 23. a4 Rh8 24. Rf1 Kf8 {[%cal Bg7f8,Bf8e8,Be8d7,Bd7c8,Bc8b7][%mdl 32]} 25. Nf2 Ke8 26. Ng4 h5 27. Nf2 {[%cal Bg4f2,Bf2e4,Be4g5][%mdl 32]} Kd7 28. Ne4 Kc8 29. Ng5 Qc6 30. Rfe1 Kb7 31. Re4 Rdf8 32. Qg3 Qd7 33. Kh2 Ka7 34. Rf4 Kb7 {[#]} 35. Nxf7 $1 {[%mdl 512]} Bxf7 {[#]} (35... Rxf7 $11 36. Rxf7 Bxf7) 36. Rxf7 $1 $16 {[%mdl 512]} Qe6 (36... Rxf7 37. e6) 37. Rg7 {Qg5 is the strong threat.} Rfg8 38. Rxg8 Rxg8 39. Qh3 Qxh3+ (39... Qd5 $16 {was called for.} 40. f4 Qc6) 40. Kxh3 {[%mdl 4096] Endgame KR-KR} Rf8 41. Rf1 Kc6 42. g4 Kd7 43. f4 e6 $2 (43... Ke6 $16 {is a better defense.} 44. Kg3 hxg4) 44. Kg3 $18 hxg4 45. Kxg4 Rf5 46. Rh1 Rh5 47. Rc1 Rh8 48. Rg1 Ke7 49. Kh3 Kf7 50. Rg5 b5 (50... Rh6 $142 51. Kg4 Rh7) 51. axb5 {White is clearly winning.} Rb8 52. h5 gxh5 53. Rxh5 Kg6 54. Kg4 Rxb5 55. f5+ exf5+ 56. Rxf5 Rb6 57. Rf2 Ra6 58. Kf4 c4 59. Ke4 {Precision: White = 68%, Black = 45%.} 1-0

[Event "ISR-chT 2018"]
[Site "Israel"]
[Date "2018.03.02"]
[Round "11"]
[White "Steinberg, Nitzan"]
[Black "Roiz, Michael"]
[Result "1/2-1/2"]
[WhiteElo "2512"]
[BlackElo "2612"]
[Annotator "TA"]
[PlyCount "44"]
[EventDate "2018.??.??"]
[EventType "team-tourn"]
[EventCountry "ISR"]
[SourceTitle "playchess.com"]
[Source "ChessBase"]
[SourceQuality "1"]

{[%evp 9,44,6,12,1,2,0,0,0,11,16,13,17,18,10,9,9,26,31,17,21,30,17,2,0,0,0,0,0,7,0,0,0,0,0,0,0,3]} 1. e4 e5 2. Nf3 Nc6 3. Bb5 Nf6 4. O-O Nxe4 5. Re1 Nd6 6. a4 {C67: Ruy Lopez: Berlin Defence: 4 0-0 Nxe4} Be7 7. Nc3 O-O 8. d4 e4 9. Nxe4 Nxe4 10. Rxe4 a6 11. Bd3 d5 12. Re3 Nb4 13. Bf1 Bf5 {[#]} 14. c3 $146 Nc6 $1 15. Bd3 Qd7 {The position is equal.} 16. Qc2 Bxd3 17. Qxd3 Rfe8 18. Bd2 Bf6 19. Rae1 Rxe3 20. fxe3 Re8 21. e4 dxe4 22. Rxe4 Rxe4 {Precision: White = 60%, Black = 73%.} 1/2-1/2

[Event "ISR-chT 2018"]
[Site "Israel"]
[Date "2018.03.02"]
[Round "11"]
[White "Zoler, Dan"]
[Black "Kantarji, Pinchas"]
[Result "0-1"]
[WhiteElo "2502"]
[BlackElo "2439"]
[Annotator "TA"]
[PlyCount "128"]
[EventDate "2018.??.??"]
[EventType "team-tourn"]
[EventCountry "ISR"]
[SourceTitle "playchess.com"]
[Source "ChessBase"]
[SourceQuality "1"]

{[%evp 13,128,24,24,19,31,7,30,9,22,31,46,12,29,-14,6,-25,-21,-29,-27,-30,0,-37,-16,-22,-14,-68,-72,-104,-95,-108,-82,-133,-38,-100,-88,-105,-98,-103,-17,-30,-38,-33,-31,-37,-42,-56,-56,-41,-67,-64,0,0,26,-122,-120,-207,-176,-305,-281,-430,-430,-443,-292,-344,-324,-343,-343,-300,-346,-321,-237,-298,-275,-245,-254,-319,-293,-410,-419,-400,-395,-539,-600,-721,-721,-693,-683,-653,-625,-5606,-5631,-29982,-760,-754,-739,-711,-708,-622,-505,-723,-591,-1344,-1315,-1343,-1071,-29981,-29982,-29984,-29985,-29985,-29986,-29987,-29988,-29990,-29991,-29991,-29986]} 1. d4 d5 2. c4 e6 3. Nf3 Nf6 4. Nc3 Be7 5. Bf4 O-O 6. e3 b6 7. Qc2 Bb7 8. Rd1 {D37: Queen's Gambit Declined: 5 Bf4} (8. cxd5 Nxd5 9. Nxd5 Qxd5 10. Bd3 h6 11. e4 Qa5+ 12. Bd2 Bb4 13. Rc1 c5 14. dxc5 Nd7 15. c6 Rac8 16. Bxb4 Qxb4+ {½-½ (55) Nepomniachtchi,I (2705)-Nakamura,H (2816) Baku 2015}) 8... Nbd7 9. Be2 Nh5 $146 ({Predecessor:} 9... dxc4 10. Bxc4 a6 11. a4 c5 12. O-O Nh5 13. d5 Nxf4 14. exf4 exd5 15. Nxd5 Bd6 16. Ng5 g6 17. Qc3 Ra7 18. Qh3 h5 19. Qxd7 Qxd7 20. Nf6+ Kg7 21. Nxd7 Bxf4 22. Nxf8 {1-0 (22) Tkachiev,V (2636)-Fridman,D (2645) Warsaw 2010}) 10. Bg3 {White has an edge.} Nxg3 11. hxg3 {[%csl Gh1][%cal Rc2h7]} g6 12. cxd5 exd5 13. Qb3 c6 14. g4 Bf6 15. g3 Re8 16. O-O Qe7 17. Ne1 Qd6 18. Ng2 Nf8 {[%cal Bd7f8,Bf8h7,Bh7f6][%mdl 32]} 19. f4 (19. Nf4 $11) 19... h6 $15 20. Kf2 Bg7 21. Bf3 Rad8 22. Rd2 (22. Ne1 $142) 22... Qb8 ({Black should try} 22... Nh7 $17 {Threatens to win with ...Bc8.} 23. Qa4 a5) 23. Rc1 (23. Ne1 $15) 23... Nh7 24. Qd1 Nf6 25. b4 b5 (25... Bf8 $17 26. a3 Qd6) 26. Ne1 $11 a5 27. bxa5 Qa7 28. a4 b4 $36 {[%mdl 2048] Black has the initiative.} 29. Na2 Bf8 30. Nd3 Qxa5 31. Nc5 Bc8 ({Better is} 31... Ba8 $1 $15) 32. Rb2 $1 Nd7 {[%cal Rd7c5]} 33. Nxd7 (33. Nxb4 $11 Nxc5 34. Nxc6) 33... Bxd7 $17 34. Rcb1 (34. Qc2 $17) 34... c5 $19 35. dxc5 (35. Qd2 $142) 35... Bxa4 (35... Bxc5 36. Kg2 $19) 36. Qf1 (36. Qd2 {only move.} Bxc5 37. Kg2) 36... b3 37. Nc1 Qxc5 38. Nxb3 Qxe3+ 39. Kg2 Bg7 40. Re2 Qc3 ({Not} 40... Bxb3 41. Rxe3 Rxe3 42. Qb5 $11) 41. Rxe8+ Bxe8 42. Qf2 d4 {[%cal Bd5d4,Bd4d3][%mdl 32]} 43. Nd2 d3 44. Rd1 Qc2 45. Qb6 Rc8 46. Kh3 Bd7 47. Qd6 Bc6 {White must now prevent ...Bxf3.} 48. Rh1 Bxf3 49. Nxf3 Qe2 50. Qd5 Rc2 51. Qa8+ Kh7 {( -> ...Qg2+)} 52. Kh4 Qe7+ (52... Bf6+ $142 53. g5 d2 54. Qd5 hxg5+ 55. Kg4+ Kg7 56. fxg5 Bb2 57. Rg1 Rc4+ 58. Kh3 Bc3 59. Nxd2 Bxd2 60. Qd6 Be1 61. Qf6+ Kg8 62. Rxe1 Qxe1 63. Qd8+ Kh7 64. Qd5 Qf1+ 65. Qg2 Qf5+ 66. Kh2 Rc2 67. Qxc2 Qxc2+ 68. Kh1 Kg8 69. Kg1 f5 $1 {[%mdl 512]} 70. Kf1 Kf7 71. Ke1 Ke6 72. Kf1 Kd5 73. Kg1 Ke4 74. g4 Kf3 75. gxf5 Qg2#) 53. Kh3 Qd7 54. Qe4 Re2 55. Qc4 Bf6 56. Rd1 Re3 57. Nh2 {[#]} h5 $1 {[%cal Bh6h5,Bh5g4][%mdl 32]} 58. Rd2 Kg7 59. Kg2 hxg4 {Black mates.} 60. Nf1 Qb7+ 61. Kg1 Qb1 62. Kg2 Qe1 63. Rf2 Re2 64. Qc5 d2 {Precision: White = 30%, Black = 56%.} 0-1

[Event "ISR-chT 2018"]
[Site "Israel"]
[Date "2018.03.02"]
[Round "11"]
[White "Kobo, Ori"]
[Black "Frenkel, Ran"]
[Result "1-0"]
[WhiteElo "2482"]
[BlackElo "2188"]
[Annotator "TA"]
[PlyCount "121"]
[EventDate "2018.??.??"]
[EventType "team-tourn"]
[EventCountry "ISR"]
[SourceTitle "playchess.com"]
[Source "ChessBase"]
[SourceQuality "1"]

{[%evp 20,121,28,29,49,43,54,47,43,31,47,35,52,21,30,21,18,22,9,2,20,0,16,21,45,47,45,30,43,46,58,12,33,52,40,0,0,-10,-14,-16,0,0,-16,-28,0,0,32,33,67,60,70,44,184,180,213,210,212,207,198,194,195,180,385,379,525,526,628,666,674,662,723,710,688,685,762,726,927,598,1456,1416,2033,2059,1890,1889,29979,29979,29979,29980,29981,29982,29982,29982,29982,29983,29983,29984,29987,29983,29985,29986,29987,29988,29988,29985]} 1. Nf3 Nf6 2. g3 g6 3. b3 Bg7 4. Bb2 O-O 5. Bg2 c5 6. c4 Nc6 7. O-O d6 8. d4 cxd4 9. Nxd4 Bd7 10. Nc3 Qa5 11. e4 {LiveBook: 11 Games. E60: King's Indian: Unusual lines and Fianchetto Variation without Nc3} Qh5 $146 ({Predecessor:} 11... Nxd4 12. Qxd4 Bc6 13. Qd3 Nd7 14. Qc2 Rac8 15. Nd5 Bxd5 16. exd5 Bxb2 17. Qxb2 b5 18. Bh3 Rc7 {½-½ (29) Rozum,I (2601)-Kokarev,D (2651) Moscow 2017}) 12. Qxh5 Nxh5 13. Nxc6 {White is slightly better.} Bxc6 14. Rab1 Nf6 {[%cal Bh5f6,Bf6d7,Bd7c5][%mdl 32]} 15. Rfe1 Rfe8 16. f4 Nd7 17. Nd5 {And now Nc7 would win.} Bxb2 18. Rxb2 {Threatens to win with Nc7.} Bxd5 19. cxd5 Nc5 20. Rc2 a5 21. Bf1 Rab8 22. Bb5 Rec8 23. Ree2 Rc7 24. Kg2 Rbc8 25. Kf3 (25. Rc4 $5 {[%cal Re2c2]}) 25... f5 (25... Na6 $5 {[%cal Rc7c2]} 26. Rxc7 Rxc7 $14) 26. exf5 gxf5 27. Kg2 Kf7 28. Rc3 Ne4 29. Rxc7 Rxc7 $11 {[%mdl 4096] Endgame KRB-KRN} 30. Bd3 Nc3 31. Re1 Nxd5 32. Bxf5 {Hoping for Be6+.} Nf6 33. g4 {Black must now prevent g5.} Kg7 34. Be6 Rc2+ 35. Kg3 d5 (35... Kf8 $14) 36. Bf5 $18 Ne4+ 37. Bxe4 dxe4 38. Rxe4 {KR-KR} Kf7 {[#]} 39. Ra4 $1 b6 40. h3 {[%cal Bh2h3,Bh3h4][%mdl 32]} h6 $2 {[#]} (40... Re2 41. Kh4 Kg6 42. f5+ Kf6) 41. Kh4 $1 {[%cal Rh4h5]} Re2 42. Kh5 Kg7 43. h4 Rh2 44. Rc4 Rxa2 45. Rc6 b5 46. Rxh6 Ra3 47. Rg6+ Kf7 48. Ra6 a4 49. Kh6 Rxb3 50. g5 e6 51. Ra7+ Kf8 52. g6 {White mates.} Rg3 53. g7+ Kg8 54. Ra8+ Kf7 55. Rf8+ Ke7 56. g8=Q Rxg8 57. Rxg8 Kd6 58. Ra8 Kc6 59. h5 Kb7 60. Rd8 a3 61. Rd3 {Precision: White = 74%, Black = 26%.} 1-0

[Event "ISR-chT 2018"]
[Site "Israel"]
[Date "2018.03.02"]
[Round "11"]
[White "Reshef, Omer"]
[Black "Elyoseph, Harel"]
[Result "0-1"]
[WhiteElo "2478"]
[BlackElo "2281"]
[Annotator "TA"]
[PlyCount "105"]
[EventDate "2018.??.??"]
[EventType "team-tourn"]
[EventCountry "ISR"]
[SourceTitle "playchess.com"]
[Source "ChessBase"]
[SourceQuality "1"]

{[%evp 24,105,0,0,17,16,24,33,27,0,10,-9,-7,-8,-14,-8,4,10,13,0,0,0,0,0,6,0,0,0,0,0,0,-37,-37,-104,-104,-108,-74,-96,-49,-44,-50,-46,-38,-76,-69,-108,-110,-168,-182,-338,-247,-360,-359,-360,-364,-416,-416,-415,-408,-431,-430,-428,-414,-406,-394,-457,-449,-458,-458,-442,-436,-466,-404,-456,-445,-467,-460,-483,-475,-465,-468,-544,-537,-5994]} 1. e4 e6 2. d4 d5 3. Nd2 c5 4. Ngf3 cxd4 5. exd5 Qxd5 6. Bc4 Qd6 7. O-O Nf6 8. Nb3 Nc6 9. Nbxd4 Nxd4 10. Nxd4 a6 11. c3 Qc7 12. Qe2 Bd6 13. h3 {LiveBook: 76 Games} b5 {C07: French Tarrasch: 3...c5, 4 Ngf3 and 4 exd5 Qxd5} (13... O-O 14. Bg5 Ne4 15. Be3 b5 16. Bd3 Bb7 17. Qc2 Nf6 18. a4 Qc5 19. Rfe1 b4 20. Rac1 Rfd8 21. Bf1 Qe5 22. f4 Qa5 {0-1 (38) Yeoh,L (2432)-Liu,X (2431) Adelaide 2016}) 14. Bd3 Bb7 15. a4 b4 $146 {White is slightly better.} ({Predecessor:} 15... bxa4 16. Rxa4 e5 17. Rc4 Qa5 18. Nf5 Qd5 19. Nxd6+ Qxd6 20. Re1 Nd7 21. Bf5 O-O 22. Rd1 Bd5 23. Rh4 Qe7 24. Bxh7+ Kh8 25. Qh5 Nf6 26. Qg5 Rfe8 27. Be4+ Kg8 28. Bxd5 {1-0 (28) Vingerhoets,L (2054)-Bovy,M (1847) Namur 2007}) 16. cxb4 Bxb4 17. Bb5+ Ke7 18. Bc4 Rhd8 19. Rd1 Bc5 20. Be3 Kf8 21. Rac1 Qb6 $40 {[%cal Rc5d4][%mdl 128] Black mounts an attack.} 22. a5 Qb4 23. Nc2 Rxd1+ 24. Rxd1 Qxa5 25. b4 $1 Bxb4 26. Rb1 Be4 27. Rxb4 {[#] Hoping for Bb6.} (27. Ra1 $5 {[%cal Ra1a5]} Qe5 28. Bd4 $11) 27... Bxc2 $1 28. Rb7 (28. Qd2 $15 Rd8 29. Qc3) 28... Be4 $17 29. Rb2 Bd5 30. Bd3 Qa1+ 31. Rb1 Qa3 32. Bd4 a5 {[%cal Ba6a5,Ba5a4,Ba4a3,Ba3a2][%mdl 32]} 33. Ra1 Qe7 34. Qe3 {[#] Bc5 is the strong threat.} Kg8 35. Qe5 (35. Bc2 $17 {is a better defense.}) 35... a4 $19 36. Rc1 $2 (36. Qg3 {keeps fighting.}) 36... Ne8 37. Qh5 (37. Bc5 $142 Qb7 38. Rc3) 37... h6 {[%cal Bh7h6,Bh6g5][%mdl 32]} 38. Qe5 a3 39. Bb5 Qg5 40. Qxg5 hxg5 41. f3 Nd6 42. Bd3 a2 43. Kf2 f6 44. Ba1 Rc8 45. Rxc8+ Nxc8 {[%mdl 4096] Endgame KBB-KBN} 46. Ke3 e5 47. Kd2 Kf7 48. Bc3 Ke6 {Black is clearly winning.} 49. Ke3 Nb6 50. Bc2 Bc4 51. Bb2 Nd5+ 52. Kf2 Nb4 53. Ke1 {Precision: White = 31%, Black = 68%.} 0-1

[Event "ISR-chT 2018"]
[Site "Israel"]
[Date "2018.03.02"]
[Round "11"]
[White "Givon, Asaf"]
[Black "Golod, Vitali"]
[Result "1/2-1/2"]
[WhiteElo "2467"]
[BlackElo "2535"]
[Annotator "TA"]
[PlyCount "174"]
[EventDate "2018.??.??"]
[EventType "team-tourn"]
[EventCountry "ISR"]
[SourceTitle "playchess.com"]
[Source "ChessBase"]
[SourceQuality "1"]

{[%evp 21,174,8,22,14,19,18,23,0,11,0,0,0,0,0,8,0,0,0,3,-8,-3,8,44,14,58,44,54,0,50,49,53,59,51,31,44,41,64,41,68,55,56,60,66,60,61,51,61,12,241,-16,51,16,30,8,11,12,18,0,73,0,16,16,16,11,20,8,8,8,8,8,47,39,48,55,55,54,55,8,8,8,8,8,60,8,16,0,60,8,27,0,0,0,0,0,0,0,0,0,0,0,0,0,0,0,0,-16,-12,-17,-17,-18,-17,-32,0,0,-2,-8,0,-153,-138,-296,-296,-309,-70,-70,-70,-70,-70,-187,-195,-176,-8,-8,-8,-8,0,0,0,0,0,-8,-8,-8,0,0,0,-8,-8,-8,-8,-8,-8,-8,-8,-8,-8]} 1. e4 e5 2. Nf3 Nc6 3. Bb5 a6 4. Ba4 Nf6 5. O-O Be7 6. d3 b5 7. Bb3 d6 8. a4 Bd7 9. c3 {C84: Closed Ruy Lopez: Unusual White 6th moves} O-O (9... Na5 10. Ba2 bxa4 11. Nbd2 O-O 12. Bb1 Bb5 13. Bc2 Nb7 14. c4 Bd7 15. Bxa4 Bxa4 16. Qxa4 Nc5 {½-½ (53) Carlsen,M (2837)-Ding,L (2774) Saint Louis 2017}) 10. Bc2 Re8 11. Re1 Rb8 {LiveBook: 4 Games} 12. Nbd2 {[%cal Bb1d2,Bd2f1,Bf1g3,Bg3f5][%mdl 32]} Bf8 13. b4 $146 ({Predecessor:} 13. h3 h6 14. Nf1 b4 15. Ng3 bxc3 16. bxc3 d5 {½-½ (102) Efimenko,Z (2651)-Kravtsiv,M (2626) Kiev 2013}) 13... Ne7 14. h3 Ng6 15. Nf1 c5 16. axb5 axb5 17. bxc5 dxc5 18. Bb3 Be6 19. Bxe6 Rxe6 20. Ng3 b4 21. cxb4 Rxb4 22. Nf5 h6 23. Qc2 $36 {[%mdl 2048] White fights for an advantage.} Rb7 24. Bd2 (24. Bb2 $14) 24... Rd7 25. Ba5 Qc8 26. Bc3 Ne8 27. Ra4 Nc7 28. g3 Nb5 29. Bb2 Qd8 30. Rd1 Nd4 31. Bxd4 cxd4 32. Rda1 Rc7 33. Qa2 Ne7 34. Ra8 Qd7 $2 (34... Nc8 $11 {and Black is okay.}) 35. Qa3 $2 (35. Qa5 $1 $18 Ng6 36. h4) 35... Rc8 (35... Nc8 $1 $11 36. Qa5 Rc5) 36. Rxc8 (36. Nxe7+ {seems wilder.} Rxe7 37. Qb3 Qc6 38. Rxc8 Qxc8 39. Kg2) 36... Qxc8 37. Qa8 Qxa8 $1 38. Rxa8 Nc6 39. Kf1 f6 (39... Nb4 $11) 40. Nd2 ({White should play} 40. N3h4 $16 Kf7 41. Ng6 $1 {[%mdl 512]} Kxg6 42. Rxf8) 40... Kf7 41. Ke2 g6 42. Nh4 {Threatening Nxg6!} Be7 43. f4 f5 44. Nhf3 exf4 45. gxf4 fxe4 46. dxe4 Rf6 47. Rc8 {And now Rxc6! would win.} Nd8 $1 48. Ne5+ Ke8 $1 49. Kf3 (49. Nd3 {with more complications.} Ra6 50. Nc4 Ra2+ 51. Kf3 h5 52. f5) 49... Bd6 {aiming for ...Bxe5.} 50. Ndc4 Bxe5 51. Nxe5 $11 {[%mdl 4096] Endgame KRN-KRN} Rd6 (51... Ke7 $11) 52. Ke2 (52. Nd3 $14) 52... Rf6 53. Kf3 Rd6 54. Nc4 (54. Nd3 $14) 54... Ra6 55. e5 Kd7 56. Rb8 Ne6 57. Ke4 d3 58. Rb4 Ra2 59. Rb7+ Ke8 60. Nd6+ Kd8 {...Nc5+ is the strong threat.} 61. Nf7+ Ke8 62. Nd6+ Kd8 {Threatens to win with ...Nc5+.} 63. Rb8+ Kc7 64. Rc8+ Kd7 {( -> ...d2)} 65. Kxd3 Nxf4+ 66. Ke3 Nxh3 67. Rg8 Ra3+ 68. Kd4 Nf4 69. Nc4 $2 ({White should try} 69. Ke4 $11 Ra4+ 70. Kf3) 69... Ra4 $17 70. Rg7+ $2 (70. Kc5 $17 {was necessary.} Ke7 71. Rh8) 70... Ke6 $19 71. Rc7 {[#]} h5 $2 (71... Kf5 $1 $19 72. Rf7+ Kg5) 72. Ke4 $1 $15 {[%cal Re4f4]} g5 {[%cal Bg6g5,Bg5g4,Bg4g3,Bg3g2][%mdl 32] Strongly threatening ...h4.} 73. Rc6+ Kd7 74. Rc5 ({White must play} 74. Rd6+ $15 Ke7 75. Kf5) 74... Ne6 $19 75. Kf5 {[#]} Nxc5 $2 (75... Ke7 $1 $19 76. Rc8 g4) 76. Nb6+ $11 {The position is equal.} Ke8 77. Nxa4 {KN-KN} g4 78. Nc3 $1 ({But not} 78. Nxc5 $2 g3 $19) 78... g3 79. Ne2 g2 80. Kg5 Ne6+ 81. Kh4 {[#]} Nf4 $1 {[%mdl 512]} 82. Ng1 (82. Nxf4 g1=Q) 82... Kf7 83. Kg3 Nd3 84. Kxg2 Nxe5 85. Ne2 Kg6 86. Nf4+ Kg5 {[#]} 87. Nxh5 $1 {[%mdl 512]} Kxh5 {Precision: White = 35%, Black = 56%.} 1/2-1/2

[Event "ISR-chT 2018"]
[Site "Israel"]
[Date "2018.03.02"]
[Round "11"]
[White "Manor, Ilan"]
[Black "Lev, Ronen"]
[Result "1/2-1/2"]
[WhiteElo "2466"]
[BlackElo "2350"]
[Annotator "TA"]
[PlyCount "41"]
[EventDate "2018.??.??"]
[EventType "team-tourn"]
[EventCountry "ISR"]
[SourceTitle "playchess.com"]
[Source "ChessBase"]
[SourceQuality "1"]

{[%evp 13,41,9,16,-2,0,-1,10,0,10,-6,9,1,31,27,34,26,29,37,22,12,53,23,39,39,35,36,29,29,54,48]} 1. Nf3 d5 2. b3 c5 3. e3 Nf6 4. Bb2 Nc6 5. Bb5 Bd7 6. O-O e6 7. d3 Bd6 {LiveBook: 4 Games. A06: Réti Opening:1 Nf3 d5} 8. Bxc6 Bxc6 9. Ne5 Rc8 {The position is equal.} (9... Qc7 10. f4 O-O-O 11. Nd2 Kb8 12. Qe2 Rhg8 13. c4 Ka8 14. Rac1 d4 15. exd4 cxd4 16. Ndf3 Bxf3 17. Rxf3 g5 18. c5 Bxe5 19. Qxe5 Qxe5 20. fxe5 {1-0 (50) Alekseev,E (2616)-Eljanov,P (2711) Riadh 2017}) 10. Nd2 O-O 11. f4 Qe7 (11... Be8 {NOTEXT} 12. c4 Nd7 13. cxd5 exd5 14. Qg4 f5) 12. Qe2 $146 ({Find the theoretical novelty and annotate with similar games:} 12. Qe1 Nd7 13. Qg3 f6 14. Nxc6 Rxc6 15. e4 d4 16. a4 b6 17. Qf3 Rfc8 18. Qg4 {1-0 (53) Uraev,I (2235)-Purgin,N (2268) Kirov 2012}) 12... Ne8 13. Nxc6 Rxc6 14. e4 d4 15. a4 Bc7 16. g3 g6 17. Nf3 f6 18. Bc1 Ba5 19. Bd2 Bxd2 20. Nxd2 Nc7 21. Nc4 {Precision: White = 41%, Black = 21%.} 1/2-1/2

[Event "ISR-chT 2018"]
[Site "Israel"]
[Date "2018.03.02"]
[Round "11"]
[White "Caspi, Israel"]
[Black "Grinshpun, Eduard"]
[Result "1-0"]
[WhiteElo "2465"]
[BlackElo "2350"]
[Annotator "TA"]
[PlyCount "159"]
[EventDate "2018.??.??"]
[EventType "team-tourn"]
[EventCountry "ISR"]
[SourceTitle "playchess.com"]
[Source "ChessBase"]
[SourceQuality "1"]

{[%evp 11,159,23,48,50,52,24,34,11,20,25,3,0,0,0,0,0,11,-24,-36,-77,-82,-69,-77,-77,-84,-73,-63,-224,0,-3,-4,-9,-8,-8,-13,-53,-58,-52,-56,-67,-44,-44,-44,-51,-18,-31,0,-98,-17,-37,31,23,30,41,45,39,118,94,108,62,156,149,159,146,185,189,189,140,140,140,141,85,144,144,144,144,145,145,145,148,149,140,149,149,147,134,104,92,96,98,100,100,100,100,100,100,100,100,100,100,100,100,100,100,100,93,85,93,91,0,242,241,376,374,369,353,340,225,258,258,749,699,1165,396,262,60,619,630,606,285,666,699,956,566,2604,2012,3186,3498,2761,2545,2622,2122,29955,6103,29970,29970,29971,29969,6386,6814]} 1. e4 c6 2. d4 d5 3. e5 Bf5 4. Nf3 e6 5. Be2 Nd7 6. O-O Be7 7. Nbd2 {B12: Caro-Kann: Advance Variation} g5 (7... h5 8. a4 h4 9. h3 Nh6 10. a5 Bg6 11. c3 Nf5 12. b4 f6 13. Nb3 O-O 14. Bf4 fxe5 15. Bxe5 {1-0 (53) Volokitin,A (2695)-Manolache,M (2561) Plovdiv 2012}) 8. Nb3 h5 9. Ne1 {White is slightly better.} h4 $146 ({Predecessor:} 9... Bg6 10. a4 h4 11. a5 Nh6 12. f4 Nf5 13. Nd3 g4 14. Bxg4 b6 15. axb6 axb6 {½-½ (43) Minor,S (2177)-Orlinski,W (1985) Frankfurt 2012}) 10. h3 Nh6 11. Nd3 Rg8 12. a4 Qc7 13. a5 a6 14. Ra4 O-O-O 15. Re1 f6 $1 16. exf6 Nxf6 17. Ne5 Bd6 18. Bd3 Ne4 19. f3 $2 (19. Bxe4 $15 Bxe4 20. Nd2) 19... Ng3 $2 ({Black should try} 19... g4 $1 $19 20. fxe4 dxe4 21. hxg4 (21. Bxh6 gxh3 22. Rxe4 Rxg2+ 23. Kh1 Bxe4 $17) (21. Bxe4 Bxe5 22. Bxf5 Nxf5 $17) 21... Nxg4 22. Nxg4 exd3) 20. Nc5 Bxc5 21. dxc5 Nf7 22. Nxf7 Qxf7 23. Re5 Qf6 $1 $36 {[%cal Rf6e5][%mdl 2048] Black is more active.} 24. Re1 e5 25. Bxf5+ $1 Qxf5 26. Rg4 e4 27. c3 Nh5 {And now ...Nf6 would win.} 28. Rf1 $1 {Threatens to win with fxe4.} Ng3 29. Rf2 (29. Re1 $1 $11) 29... Rdf8 (29... d4 $17 30. cxd4 Qxc5 $1 {[%mdl 512]}) 30. Be3 $11 exf3 (30... Qe6 $15) 31. Rxf3 $14 Qe6 32. Rxg5 Rh8 $1 33. Rg4 {Rxh4! is the strong threat.} Rfg8 ({Better is} 33... Rxf3 $14 34. Qxf3 Qe7) 34. Rxg8+ Rxg8 35. Kh2 Ne4 (35... Qe5 $14 36. Bf4 Qg7) 36. Qf1 $16 Qe5+ 37. Kg1 Ng3 38. Rf8+ Rxf8 39. Qxf8+ Kd7 40. Qf7+ Kc8 41. Qf3 (41. Qg8+ $142 Kd7 42. Qg4+ Qf5 43. Qxf5+ Nxf5 44. Kf2) 41... Nf5 (41... Kb8 $142) 42. Bf4 Qe4 43. Qg4 Kd7 44. Kh2 Ke7 45. Qg5+ Kf7 46. Bd6 Qe6 47. Bb8 Qe4 48. b4 Ne3 49. Be5 Nf1+ 50. Kg1 Ne3 {White must now prevent ...Qb1+.} 51. Qg7+ Ke8 52. Bd6 Qb1+ 53. Kf2 {[%csl Gd6][%cal Rg7e7]} Nd1+ 54. Ke2 $1 {[%csl Gd6][%cal Rg7e7]} ({Much worse is} 54. Kg1 $6 Ne3+ 55. Kf2 Nd1+ 56. Ke2 (56. Kg1 Ne3+ $11) 56... Qc2+ 57. Ke1 Qxc3+ 58. Qxc3 Nxc3 $11) 54... Qc2+ 55. Ke1 {[%csl Gd6][%cal Rg7e7]} Qxc3+ 56. Qxc3 Nxc3 {[%mdl 4096] Endgame KB-KN} 57. Be5 Ne4 58. Ke2 Kf7 59. Kf3 Ke6 60. Kf4 Nd2 $2 (60... Ng3 $11 61. Bb2 Ne2+ 62. Ke3 Ng3) 61. Bc3 $1 $18 {[%cal Rc3d2]} Nc4 (61... Nf1 $142 62. Be1 d4) 62. Bd4 $1 Na3 63. Bf2 Nc2 64. Bxh4 Nxb4 {White should prevent ...Nd3+.} 65. Ke3 Na2 $2 (65... Ke5 66. Bg3+ Kf5) 66. Be1 Ke5 67. Bg3+ $2 (67. Bd2 Kf5 68. Kd4) 67... Ke6 68. Bc7 $2 ({White should play} 68. Kd2 $18) 68... Nc1 $2 {[%mdl 8192]} (68... Nc3 $14) 69. g4 Nb3 {[#]} 70. Bb6 $1 Ke5 $2 (70... Nc1 71. h4 Kf6) 71. h4 {[%cal Bh3h4,Bh4h5][%mdl 32]} d4+ 72. Kd3 Kf4 {[#]} 73. h5 $1 {[%cal Rh5h6]} Kg5 74. Kc2 Na1+ 75. Kb2 d3 76. Kc3 Nc2 77. Kxd3 Nb4+ 78. Ke4 Nd5 79. Bd8+ Kh6 80. Bh4 {Precision: White = 70%, Black = 51%.} 1-0